Top 10 Rappers Of All Time - Statistics

General Stats
  • This quiz has been taken 365 times
  • The average score is 7 of 10
Answer Stats
Hint Answer % Correct
8 Drake
89%
5 Eminem
87%
4 Tupac Shakur
85%
6 The Notorious B.I.G
77%
1 Jay-Z
67%
2 Kendrick Lamar
67%
9 Snoop Dog
59%
3 Nas
54%
7 Lil Wayne
49%
10 Nikki Minaj
21%
No matching quizzes found
Score Distribution
Percent of People with Each Score
Percentile by Number Answered
Your Score History
You have not taken this quiz